000 00685nam a2200205Ia 4500
008 140609s9999 xx 000 0 und d
020 _a9780071773997
050 _aHF 5549
_b.Sh552 2012
100 _aSheridan, Kevin.
245 _aBuilding a magnetic culture :
_bhow to attract and retain top talent to create an engaged, productive workforce /
_cby Kevin Sheridan
260 _aNew York :
_bMcGraw-Hill,
_cc2012.
300 _a263 p. ;
_c24 cm.
500 _aIncludes bibliographical references and index.
521 _aBSBA
650 _aEmployee motivation.
650 _aEmployee selection.
650 _aOrganizational behavior.
942 _kFOR
_cBK
999 _c117925
_d117925